000 00733nam a2200217Ia 4500
003 IN-BaIIA
008 211028s9999 xx 000 0 eng d
020 _a0-12-147550-6
040 _cIIA Library
080 _a021
_bBUS
100 _aBusha, Charles H.
_917619
245 0 _aResearch methods in librarianship techniques and interpretation
_cCharles H. Busha and Stephen P. Harter
260 _aOrlando
_bAcademic Press
_c1980
300 _axii,417p
490 _aLibrary and Information Science, Harold Borko and G Edwards
650 _aLibrary Science
_98327
650 _aNASA Thesaurus
650 _aResearch Methods
_917620
700 _aHarter, Stephen P.
_917621
942 _cBK
999 _c10364
_d10364